000 00399nam a2200169Ia 4500
003 IT-RoPAU
008 120407s9999 xx 000 0 und d
040 _aIT-RoPAU
040 _cIT-RoPAU
100 _aMao Tse Tung
245 _aCitazioni del presidente Mao Tse-Tung. Il libro delle guardie rosse
250 _aMilano
260 _aFeltrinelli
300 _c cm
490 _v1
942 _cBK
999 _c6151
_d6151